00865pam a2200253 a 4500003000400000005001700004008004100021010001700062020001500079040001800094042000900112050002400121100002000145245004900165260003800214300002100252521000700273526000900280650005200289650003800341651004300379856008500422856010400507OSt20140317135302.0951004s1996 nyu j 000 1 eng  a 95045257  a0064406849 aDLCcDLCdDLC alcac00aPZ 7b.C962Bal 19981 aCushman, Karen.14aThe ballad of Lucy Whipple /cKaren Cushman. aNew York :bClarion Books,c1998. a195 p. :c24 cm. aG9 c1030 1aFrontier and pioneer lifezCaliforniaxFiction. 1aFamily lifezCaliforniaxFiction. 1aCaliforniaxGold discoveriesxFiction.423Publisher descriptionuhttp://www.loc.gov/catdir/description/hm021/95045257.html423Contributor biographical informationuhttp://www.loc.gov/catdir/enhancements/fy0735/95045257-b.html